01211nac a22003017a 4500001001000000003000900010005001700019008003400036040005400070072000800124090001900132100002500151100001700176100002400193110008200217245009200299260011500391300001000506490009500516500001200611650001800623650002000641650001900661909004700680942001700727999001900744952014600763BR9001531BR-BrBNA20240105121054.0230509b bl.|||m| |||| 00| 0 por d aBR-BrBNAbporcBiblioteca Nacional de Agricultura aL01 a5213 BR90015311 aCosta Junior, E.M.A.1 aCorrea, A.S.1 aPacheco, J.A. de C.1 aCentro Nacional de Pesquisa de Gado de Corte, Campo Grande, MS (Brasil)917711 aO potencial da pecuaria de corte nas regioes tropicais e subtropicais da America Latina3 aBrasilia, DF (Brasil): bEmpresa Brasileira de Pesquisa Agropecuaria. Depto. de Difusao e Tecnologia, c1987.  a17 p. aDocumentos - Centro Nacional de Pesquisa de Gado de Corte (Brazil)vno. 22xISSN 0100-9443 a11 ref. aGADO DE CORTE aPRODUCAO ANIMAL aAMERICA LATINA a202312bLúcia Elandec55dLúcia Elande 2AGRISn0cMS c283120d283120 002AGRIS40708Acervo Gerala41918b41918cAGROBASEl0o5213 BR9001531p5213 BR9001531r2023-12-18yMSePortaria Interministerial nº 164/94